Notitia Sanctorum Patrum, Qui Duobus Primis Seculis Floruerunt, ...
| Format: | Book |
|---|---|
| Language: | English |
| PhysicalDescription: | 522 s. |
| Published: |
Tyrnaviae
[Academicis Societatis Jesu]
1753
|
MARC
| LEADER | 00000nam a2200000 a 4500 | ||
|---|---|---|---|
| 001 | vtls001502380 | ||
| 003 | SK-MaSNL | ||
| 005 | 20260223134050.0 | ||
| 008 | 050224 000 0 eng | ||
| 040 | |a SNK |b slo |c SNK |e AACR2 | ||
| 245 | 1 | |a Notitia Sanctorum Patrum, Qui Duobus Primis Seculis Floruerunt, ... | |
| 260 | |a Tyrnaviae |b [Academicis Societatis Jesu] |c 1753 | ||
| 300 | |a 522 s. | ||
| 999 | |c 560739 |d 562669 | ||
| 952 | |a SNK |b SNK |y PREZ |7 0 |p 17X01502380001 |o snkSD 14511 |i snkKSF 6080/57 |3 Rekatalogizácia |0 0 |1 0 |4 0 |d 2005-02-24 |l 0 |r 2026-02-23 13:40:50 |w 2026-02-23 | ||


